000 01049cam a22003257a 4500
003 CHAP
005 20220329142401.0
008 001023d1994 mx a r 00110 esp d
010 _a82699
011 _a83671
020 _a1556156308
035 _a94186
040 _cCHAP
082 0 4 _a001.6424
_bM53Y
110 2 _aMicrosoft Corporation
_975540
245 1 0 _aKit del programador de microsoft word
_c/por Microsoft Corporation
260 _aMéxico, D.F. :
_bMcGraw-Hill,
_cc.1994.
300 _a1076 p. :
_bilus. + 1 diskette de 3 1/2
590 _aBATCH-UPD
_b10
_c20130110
_lUCH01
_h0358
590 _aBATCH-UPD
_b10
_c20130110
_lUCH01
_h1936
590 _aBATCH-UPD
_b10
_c20130410
_lUCH01
_h0031
590 _aBATCH-UPD
_b10
_c20130914
_lUCH01
_h1721
590 _aCONVERSION
_b10
_c20130109
_lUCH01
_h1346
650 1 4 _aLenguajes de programación.
_965989
650 1 4 _aWord.
_9122602
901 _aBK
905 _aPatricia Mendoza P.
942 _cCD
949 _a001.6424 M53Y
_bBC
_cCD
_d33724000787453
_eCD
_g207174
_h98952
_i94186
_sb
_t$235.80
999 _c82699
_d82699